|
|
|
|
| LEADER |
01208 a2200205 4500 |
| 001 |
46607 |
| 005 |
20260407155736.0 |
| 008 |
260407a1969 arg spa d |
| 003 |
AR-UNSa-BCEJYS |
| 040 |
|
|
|a AR-UNSa-BCEJYS
|b spa
|c AR-UNSa-BCEJYS
|
| 080 |
|
|
|a 349.22:331.106
|x Contrato de trabajo
|
| 245 |
1 |
0 |
|a Leyes de Procedimiento Laboral
|
| 264 |
|
1 |
|a Buenos Aires :
|b Ediciones Contabilidad Moderna
|c 1969
|
| 300 |
|
|
|a 390 p.
|c 26 cm.
|
| 505 |
|
|
|a Leyes Nacionales y de la Capital Federal: 1. Régimen judicial de la capital federal – 2. Procedimiento para la aplicación de multas – 3. Regímenes de leyes especiales – 4. Procedimiento en materia de previsión social – 5. Procedimiento ante el consejo de trabajo doméstico – 6. Tribunal nacional de relaciones profesionales – 7. Procedimientos en conflictos colectivos – 8. Disposiciones generales complementarias – 9. Jurisprudencia de los tribunales nacionales - - Leyes de la Provincia de Buenos Aires: 10. Régimen judicial – 11. Procedimiento administrativo – 12. Jurisprudencia.
|
| 942 |
|
|
|c BK
|
| 590 |
|
|
|a niveau_biblio:m niveau_hierar:0
|
| 100 |
1 |
|
|a Fernández Madrid, Juan Carlos
|
| 700 |
1 |
|
|a Podetti, Humbero A.
|
| 999 |
|
|
|c 4218
|d 4218
|